[Event "Mashhad Ferdowsi op 6th"]
[Site "Mashhad"]
[Date "2016.01.29"]
[Round "1"]
[White "Chigaev, Maksim"]
[Black "Dehghani, Ali"]
[Result "1-0"]
[WhiteElo "2526"]
[BlackElo "1484"]
[PlyCount "95"]
[EventDate "2016.01.29"]
[EventType "swiss"]
[EventRounds "9"]
[EventCountry "IRI"]
[SourceTitle "CBM 170 Extra"]
[Source "ChessBase"]
[SourceDate "2016.02.25"]
[SourceVersion "1"]
[SourceVersionDate "2016.02.25"]
[SourceQuality "1"]

1. e4 e5 2. Nf3 Nc6 3. Bb5 a6 4. Ba4 Nf6 5. d3 Be7 6. Bxc6 bxc6 7. Nxe5 0-0 8. 0-0 Re8 9. Nf3 d6 10. h3 Be6 11. Nbd2 Qd7 12. Ng5 h6 13. Nxe6 Qxe6 14. Nf3 c5 15. b3 Nd7 16. Bb2 Bf6 17. Bxf6 Qxf6 18. Qd2 Rab8 19. Qa5 Rb6 20. Rad1 Nb8 21. Rfe1 Qe6 22. Qd2 Nc6 23. c3 Qg6 24. Nh4 Qf6 25. Nf5 Ne7 26. Ne3 Ng6 27. Nd5 Qh4 28. Nxb6 cxb6 29. Re3 Re6 30. Rg3 Qe7 31. f4 Nf8 32. f5 Re5 33. Qxh6 f6 34. Qf4 Nh7 35. Rg4 Ng5 36. h4 Nh7 37. d4 cxd4 38. cxd4 Ra5 39. a4 b5 40. Qd2 Qd8 41. axb5 Rxb5 42. Qc2 Qb6 43. Qc8+ Kf7 44. Qd7+ Kf8 45. Qxg7+ Ke8 46. Qxh7 Qxd4+ 47. Rxd4 Kf8 48. Rg8# 1-0